<?xml version="1.0" encoding="UTF-8"?>
<collection xmlns="http://www.loc.gov/MARC21/slim">
    <record>
        <controlfield tag="001">98054</controlfield>
        <controlfield tag="005">20210118122902.0</controlfield>
        <datafield tag="037" ind1=" " ind2=" ">
            <subfield code="a">TAZ-TFG-2020-2596</subfield>
        </datafield>
        <datafield tag="041" ind1=" " ind2=" ">
            <subfield code="a">spa</subfield>
        </datafield>
        <datafield tag="100" ind1="1" ind2=" ">
            <subfield code="a">Boltaina Abadias, Sandra</subfield>
        </datafield>
        <datafield tag="242" ind1="0" ind2="0">
            <subfield code="a">Progress in the autism maze</subfield>
        </datafield>
        <datafield tag="245" ind1="0" ind2="0">
            <subfield code="a">Avances en el laberinto del autismo</subfield>
        </datafield>
        <datafield tag="260" ind1=" " ind2=" ">
            <subfield code="a">Zaragoza</subfield>
            <subfield code="b">Universidad de Zaragoza</subfield>
            <subfield code="c">2020</subfield>
        </datafield>
        <datafield tag="506" ind1=" " ind2=" ">
            <subfield code="a">by-nc-sa</subfield>
            <subfield code="b">Creative Commons</subfield>
            <subfield code="c">3.0</subfield>
            <subfield code="u">http://creativecommons.org/licenses/by-nc-sa/3.0/</subfield>
        </datafield>
        <datafield tag="520" ind1=" " ind2=" ">
            <subfield code="a">En el presente Trabajo de Fin de Grado se realiza una revisión teórica de los aspectos mas característicos y definitorios del Trastorno del Espectro Autista (TEA). A lo largo de su desarrollo se aúna en aspectos como el diagnostico del trastorno, su prevalencia y su comorbilidad. Por otro lado, basado en la consideración de varias investigaciones, se remarca la importancia de la atención temprana y las múltiples mejorías que provoca en los niños con TEA respecto a su autonomía y sus habilidades. A lo largo del trabajo, se plasma una investigación sobre aspectos propios de los alumnos con TEA en los que se indaga sobre las necesidades educativas que pueden manifestar estos alumnos, sobre algunas medidas a adoptar en centros educativos ordinarios y sobre los propios estilos de aprendizaje que pueden poseer los alumnos con TEA, dando gran valor a la forma en que los niños con TEA adquieren mayor cantidad de aprendizajes, sean curriculares o cotidianos. En última instancia, se destaca la importancia de las funciones de los docentes y su responsabilidad para con los alumnos abogando por garantizar la inclusión educativa y la calidad del proceso de enseñanza-aprendizaje. &lt;br />&lt;br /></subfield>
        </datafield>
        <datafield tag="521" ind1=" " ind2=" ">
            <subfield code="a">Graduado en Magisterio en Educación Primaria</subfield>
        </datafield>
        <datafield tag="540" ind1=" " ind2=" ">
            <subfield code="a">Derechos regulados por licencia Creative Commons</subfield>
        </datafield>
        <datafield tag="700" ind1=" " ind2=" ">
            <subfield code="a">Latorre Cosculluela, Cecilia</subfield>
            <subfield code="e">dir.</subfield>
        </datafield>
        <datafield tag="710" ind1="2" ind2=" ">
            <subfield code="a">Universidad de Zaragoza</subfield>
            <subfield code="b"> </subfield>
            <subfield code="c"></subfield>
        </datafield>
        <datafield tag="856" ind1="0" ind2=" ">
            <subfield code="f">698884@unizar.es</subfield>
        </datafield>
        <datafield tag="856" ind1="4" ind2=" ">
            <subfield code="s">1070656</subfield>
            <subfield code="u">http://zaguan.unizar.es/record/98054/files/TAZ-TFG-2020-2596.pdf</subfield>
            <subfield code="y">Memoria (spa)</subfield>
        </datafield>
        <datafield tag="909" ind1="C" ind2="O">
            <subfield code="o">oai:zaguan.unizar.es:98054</subfield>
            <subfield code="p">driver</subfield>
            <subfield code="p">trabajos-fin-grado</subfield>
        </datafield>
        <datafield tag="950" ind1=" " ind2=" ">
            <subfield code="a"></subfield>
        </datafield>
        <datafield tag="951" ind1=" " ind2=" ">
            <subfield code="a">deposita:2021-01-18</subfield>
        </datafield>
        <datafield tag="980" ind1=" " ind2=" ">
            <subfield code="a">TAZ</subfield>
            <subfield code="b">TFG</subfield>
            <subfield code="c">FCHE</subfield>
        </datafield>
        <datafield tag="999" ind1=" " ind2=" ">
            <subfield code="a">20200629124002.CREATION_DATE</subfield>
        </datafield>
    </record>

    
</collection>